00544nam a22001817a 450000500170000001000150001702000260003203500130005803700130007108200130008410000200009724500600011725000110017726000310018827000790021930000240029850000400032220140801120735.0 aENG-109957 a9789351431480c625.00 aEN-93490 bDBAD/PUB a346.5402 aKesava Rao, V.  aContract - I :cby V. Kesava Raobcases and materials / a2nd ed aGurgaonbLexis Nexisc2014 a14th Floor, Bldg No.10, Tower-B, DLF Cyber City, Phase-IIbGurgaone122002 axl,651p.c24cm(pbk) aIncludes bibliographical references